|
|
|
|
| LEADER |
00000nam0a2200000 4500 |
| 001 |
282438 |
| 005 |
20231101235510.0 |
| 035 |
|
|
|a (RuTPU)RU\TPU\book\306336
|
| 090 |
|
|
|a 282438
|
| 100 |
|
|
|a 20150130d1983 k y0rusy50 ca
|
| 101 |
0 |
|
|a rus
|
| 102 |
|
|
|a RU
|
| 105 |
|
|
|a a z 001zy
|
| 200 |
1 |
|
|a Геология и геохимия Севера Европейской части СССР
|e межведомственный сборник научных трудов
|f Московский государственный педагогический институт (МГПИ)
|
| 210 |
|
|
|a Москва
|c [Б. и.]
|d 1983
|
| 215 |
|
|
|a 167 с.
|c ил.
|
| 320 |
|
|
|a Библиография в конце статей
|
| 606 |
1 |
|
|a Геология
|y Европейская часть СССР
|2 stltpush
|3 (RuTPU)RU\TPU\subj\6115
|9 34074
|
| 606 |
1 |
|
|a Геохимия
|2 stltpush
|3 (RuTPU)RU\TPU\subj\6296
|9 34219
|
| 610 |
1 |
|
|a Восточно-Европейская платформа
|
| 610 |
1 |
|
|a сульфидная медно-никелевая минерализация
|
| 610 |
1 |
|
|a Карелия
|
| 610 |
1 |
|
|a рудные месторождения
|
| 610 |
1 |
|
|a минералогическая часть
|
| 610 |
1 |
|
|a табуляты
|
| 610 |
1 |
|
|a силур
|
| 610 |
1 |
|
|a разломы
|
| 610 |
1 |
|
|a речные стоки
|
| 610 |
1 |
|
|a гидрогеохимия
|
| 610 |
1 |
|
|a коренные породы
|
| 610 |
1 |
|
|a четвертичные отложения
|
| 610 |
1 |
|
|a вещественный состав
|
| 675 |
|
|
|a 55(47)
|v 4
|
| 675 |
|
|
|a 550.4
|v 4
|
| 712 |
0 |
2 |
|a Московский государственный педагогический институт (МГПИ)
|c (1930-1941)
|2 stltpush
|3 (RuTPU)RU\TPU\col\19740
|
| 801 |
|
1 |
|a RU
|b 63413507
|c 20150130
|
| 801 |
|
2 |
|a RU
|b 63413507
|c 20170809
|g RCR
|
| 942 |
|
|
|c BK
|